Career Opportunities in Civil Engineering: (Record no. 187538)

MARC details
000 -LEADER
fixed length control field 00622nam a22001817a 4500
005 - DATE AND TIME OF LATEST TRANSACTION
control field 20220422130853.0
010 ## - LCCN (DPL NO)
LC control number ENG-132355
020 ## - INTERNATIONAL STANDARD BOOK NUMBER
International Standard Book Number 9789389226225
Terms of availability 150.00
035 ## - SYSTEM CONTROL NUMBER
System control number EN-115887
037 ## - SOURCE OF ACQUISITION
Source of stock number/acquisition DBAD/PUB
082 ## - DEWEY DECIMAL CLASSIFICATION NUMBER
Classification number 624.023
100 ## - MAIN ENTRY--PERSONAL NAME
Personal name Rajendran, Kannan
245 ## - TITLE STATEMENT
Title Career Opportunities in Civil Engineering:
Remainder of title A guide to Choose Your Job Profile in Civil Engineering/
Statement of responsibility, etc Kannan Rajendran
260 ## - PUBLICATION, DISTRIBUTION, ETC. (IMPRINT)
Place of publication, distribution, etc Chennai
Name of publisher, distributor, etc Coral
Date of publication, distribution, etc 2019
270 ## - ADDRESS
Address No.8,6th Cross, 8th Main Road, Vaishnavi Nagar, Thriumullaivoyal
City Chennai
Postal code 600109
300 ## - PHYSICAL DESCRIPTION
Extent 168p.
Dimensions 22cm(pbk)
942 ## - ADDED ENTRY ELEMENTS (KOHA)
Source of classification or shelving scheme Dewey Decimal Classification
Item type English Books
Classification part 624.023
Call number suffix RAJ
Holdings
Withdrawn status Lost status Not for loan Collection code Home library Current library Date acquired Source of acquisition Cost, normal purchase price Full call number Barcode Copy number Cost, replacement price Koha item type
      Non-fiction Bawana Bawana 22/04/2022 DBAD/PUB 150.00 624.023 RAJ EN-115887 1 150.00 English Books

© Delhi Public Library
Hit Counter
free hit counter